000
00334pab a2200145 454500
008
180718b2005 xxu||||| |||| 00| 0 eng d
100
_a
Maccoby, Michael
245
_a
Why people follow the leader
260
_c
2005
300
_a
p.60-69.
362
_a
Jan
650
_a
Leadership
773
_a
Indian Management
909
_a
64163
999
_c
64163
_d
64163